Declaración de San José sobre refugiados y personas desplazadas, San José, 5-7 diciembre 1994. Declaración de Cartagena sobre refugiados, Cartagena, 19-22 noviembre 1984 /ACNUR

Guardat en:
Dades bibliogràfiques
Autor corporatiu: ACNUR, Alto Comisionado de las Naciones Unidas para los Refugiados. Oficina Regional para Centroamérica y Panamá
Format: Text
Publicat: San José: Naciones Unidas
Etiquetes: Afegir etiqueta
Sense etiquetes, Sigues el primer a etiquetar aquest registre!

MARC

LEADER 00000 a a2200000 04500
001 23457
003
040
090 |a 163600  
110 |a ACNUR  
245 |a Declaración de San José sobre refugiados y personas desplazadas, San José, 5-7 diciembre 1994. Declaración de Cartagena sobre refugiados, Cartagena, 19-22 noviembre 1984 /ACNUR  
260 |a San José:   |b Naciones Unidas  
300 |a 45 p  
710 |a Alto Comisionado de las Naciones Unidas para los Refugiados. Oficina Regional para Centroamérica y Panamá  
999 |c 1541  |d 1541